000 00210nam a2200097Ia 4500
001 648218
005 20250826153717.0
008 250824s9999 xx 000 0 und d
245 0 _cRICK RIORDAN
260 _bDOĞAN
999 _c648218
_d648218